000 00477nam a2200181Ia 4500
008 090123s9999 xx 000 0 und d
082 _b977
100 _aसबनीस वसंत
245 _aपानदान
250 _a1
260 _bकुलकर्णी अ.अ.
300 _a106
600 _aसबनीस वसंत
630 _aपानदान
700 _aसबनीस वसंत
730 _aपानदान
942 _cBOOK
999 _c39062
_d39062